[Event "Skakligaen"]
[Site "Danmark"]
[Date "2018.11.18"]
[Round "3.7"]
[White "Antonsen, Mikkel"]
[Black "Jorgensen, Dennis"]
[Result "1/2-1/2"]
[WhiteElo "2435"]
[BlackElo "2127"]
[EventDate "2018.10.27"]
[EventType "team-tourn"]
[EventRounds "9"]
[EventCountry "Danmark"]
[WhiteTeam "Koge"]
[BlackTeam "BMS"]
[WhiteTeamCountry "DEN"]
[BlackTeamCountry "DEN"]
[WhiteFideId "1401378"]
[BlackFideId "1408380"]

1. d4 Nf6 2. c4 e6 3. Nc3 Bb4 4. Qc2 d5 5. cxd5 Qxd5 6. Nf3 Qf5 7. Qb3 Nc6 8. Bd2 O-O 9. h3 Rd8 10. g4 Qa5 11. g5 Ne8 12. e3 Nd6 13. Bd3 Bd7 14. e4 Be8 15. a3 Bxc3 16. Qxc3 Qb6 17. a4 a5 18. O-O Nc8 19. Be3 Qb4 20. Qxb4 Nxb4 21. Bb1 Nd6 22. Rc1 Rac8 23. Ra3 Bc6 24. Nd2 Be8 25. f3 b6 26. Kf2 Nb7 27. Nc4 Nd6 28. Ne5 Nb7 29. Nc4 Nd6 30. Ne5 Kf8 31. Ke2 b5 32. Rac3 bxa4 33. Rxc7 Rxc7 34. Rxc7 Nb5 35. Rc5 Nxd4+ 36. Bxd4 Rxd4 37. Rxa5 Nc6 38. Nxc6 Bxc6 39. Rc5 Bd7 40. e5 Rb4 41. Rc2 a3 42. Kd2 axb2 43. Kc3 Rf4 44. Rf2 Bc6 45. Kxb2 Rxf3 46. Rxf3 Bxf3 47. Kc3 h6 48. gxh6 gxh6 49. Kd4 Kg7 50. Ke3 Bh5 51. Bd3 Bg6 52. Be2 Bf5 53. h4 f6 54. Kf4 Kf7 55. Bc4 Ke7 56. Bb3 Bd3 57. Bd1 Bb1 58. Bh5 Bd3 59. Bd1 Bf5 60. Bh5 Bd3 61. Bd1 Bg6 62. Be2 Bf5 63. Bh5 Bd3  1/2-1/2

[Event "Skakligaen"]
[Site "Danmark"]
[Date "2018.11.18"]
[Round "3.1"]
[White "Hector, Jonny"]
[Black "Persson, Tiger Hillarp"]
[Result "1-0"]
[WhiteElo "2468"]
[BlackElo "2558"]
[EventDate "2018.10.27"]
[EventType "team-tourn"]
[EventRounds "9"]
[EventCountry "Danmark"]
[WhiteTeam "Nordkalotten"]
[BlackTeam "Bronshoj"]
[WhiteTeamCountry "DEN"]
[BlackTeamCountry "DEN"]
[WhiteFideId "1700090"]
[BlackFideId "1700812"]

1. e4 c6 2. d4 d5 3. e5 c5 4. Nf3 Nc6 5. c4 cxd4 6. Nxd4 e6 7. Be2 Nge7 8. O-O dxc4 9. Nxc6 Qxd1 10. Rxd1 Nxc6 11. Bf4 Bd7 12. Bxc4 Rc8 13. Bf1 Ne7 14. Nc3 a6 15. Be3 Nf5 16. Ba7 Bc5 17. Bxc5 Rxc5 18. f4 Bc6 19. Rdc1 Ne3 20. b4 Nxf1 21. bxc5 Ne3 22. g3 h5 23. h3 h4 24. g4 g5 25. fxg5 Rg8 26. Kf2 Nc4 27. Ne4 Bxe4 28. Rxc4 Bd5 29. Rc2 Rxg5 30. Re1 Ke7 31. Re3 f5 32. exf6+ Kxf6 33. Ke1 Rg8 34. Rf2+ Kg6 35. Re5 Rc8 36. Rc2 b5 37. c6 b4 38. c7 Kf6 39. Rh5 a5 40. Rxh4 Kg6 41. Rh5 a4 42. Kd2 a3 43. Rxd5 exd5 44. Rc5 b3 45. axb3 a2 46. Ra5 Kf6 47. Rxa2 Rxc7 48. b4 Rh7 49. Ra3 Ke5 50. b5  1-0

[Event "Skakligaen"]
[Site "Danmark"]
[Date "2018.11.18"]
[Round "3.2"]
[White "Aabling Thomsen, Jakob"]
[Black "Jepson, Christian"]
[Result "1/2-1/2"]
[WhiteElo "2369"]
[BlackElo "2391"]
[EventDate "2018.10.27"]
[EventType "team-tourn"]
[EventRounds "9"]
[EventCountry "Danmark"]
[WhiteTeam "Bronshoj"]
[BlackTeam "Nordkalotten"]
[WhiteTeamCountry "DEN"]
[BlackTeamCountry "DEN"]
[WhiteFideId "1407589"]
[BlackFideId "1701185"]

1. e4 d6 2. d4 Nf6 3. Nc3 g6 4. Bg5 c6 5. Qe2 Qa5 6. f4 Nbd7 7. O-O-O d5 8. e5 Nh5 9. f5 Ng7 10. e6 fxe6 11. fxg6 e5 12. dxe5 hxg6 13. Nf3 Nc5 14. Qe1 Bf5 15. Nd4 Nge6 16. Be3 O-O-O 17. Be2 Nxd4 18. Rxd4 Bh6 19. Bxh6 Rxh6 20. Qd2 Rdh8 21. h3 Qb6 22. Bf3 Ne6 23. Ra4 Nc5 24. Ra3 Rh4 25. Rd1 Rb4 26. b3 d4 27. Nb1 a5 28. Qg5 Qc7 29. Nd2 d3 30. c3 Qxe5 31. cxb4 Qc3+ 32. Kb1 Qc2+ 33. Ka1 Qc3+ 34. Kb1 Qc2+ 35. Ka1 Qc3+ 36. Kb1  1/2-1/2

[Event "Skakligaen"]
[Site "Danmark"]
[Date "2018.11.18"]
[Round "3.3"]
[White "Kristensen, Kaare Hove"]
[Black "Hoi, Carsten"]
[Result "1/2-1/2"]
[WhiteElo "2254"]
[BlackElo "2359"]
[EventDate "2018.10.27"]
[EventType "team-tourn"]
[EventRounds "9"]
[EventCountry "Danmark"]
[WhiteTeam "Nordkalotten"]
[BlackTeam "Bronshoj"]
[WhiteTeamCountry "DEN"]
[BlackTeamCountry "DEN"]
[WhiteFideId "1400940"]
[BlackFideId "1400100"]

1. d4 d5 2. Nf3 Nf6 3. c4 dxc4 4. Nc3 Bg4 5. Ne5 Bh5 6. f3 Nfd7 7. Nxc4 e5 8. Be3 Nc6 9. d5 Nd4 10. Bf2 Bg6 11. Rc1 Bc5 12. a3 Nc2+ 13. Rxc2 Bxf2+ 14. Kxf2 Bxc2 15. Qxc2 Qh4+ 16. g3 Qxc4 17. e3 Qc5 18. Qa4 Rd8 19. Bh3 Qb6 20. Rc1 c6 21. b4 O-O 22. dxc6 Qxc6 23. Qxc6 bxc6 24. Ne4 Nf6 25. Rxc6 Nxe4+ 26. fxe4 Rd2+ 27. Kf3 Ra2 28. Bd7 Rd8 29. Rc7 a6 30. a4 h5 31. b5 axb5 32. axb5 Rb2 33. g4 h4 34. g5 h3 35. Bxh3 Rxb5 36. Bf1 Rb6 37. Bc4 Rf8 38. Kg4 g6 39. Re7 Rc6 40. Bd5 Rc3 41. Kf3 Kh8 42. Rxe5 Rc7 43. Bb3 Rb8 44. Bd1 Kg7 45. Kf4 Rb1 46. Rd5 Rcc1 47. Bf3 Rc7 48. e5 Rf1 49. Rd6 Rc4+ 50. Rd4 Rc2 51. Rd1 Rxd1 52. Bxd1 Rf2+ 53. Bf3 Kf8 54. Kg3 Rf1 55. Kg2 Ra1 56. Bd5 Ra5 57. e4 Ke7 58. Kg3 Ra7 59. Kg4 Rc7 60. Kg3 Ra7 61. Kg4 Ra1 62. Kf4 Ra6 63. Kg4 Ke8 64. Kf4 Rb6 65. Kf3 Ke7 66. Kf4 Rb8 67. Kg4 Rf8 68. Kg3 Kd7 69. Kg4 Kc7 70. Kf4 Kb6 71. Ke3 Kc5 72. Bb3  1/2-1/2

[Event "Skakligaen"]
[Site "Danmark"]
[Date "2018.11.18"]
[Round "3.4"]
[White "Laursen, Niels Norskov"]
[Black "Brynell, Stellan"]
[Result "0-1"]
[WhiteElo "2256"]
[BlackElo "2403"]
[EventDate "2018.10.27"]
[EventType "team-tourn"]
[EventRounds "9"]
[EventCountry "Danmark"]
[WhiteTeam "Bronshoj"]
[BlackTeam "Nordkalotten"]
[WhiteTeamCountry "DEN"]
[BlackTeamCountry "DEN"]
[WhiteFideId "1404709"]
[BlackFideId "1700219"]

1. e4 e6 2. d4 d5 3. Nc3 Bb4 4. e5 c5 5. a3 Ba5 6. b4 cxd4 7. Nb5 Bc7 8. f4 Ne7 9. Bd3 Bd7 10. Nxc7+ Qxc7 11. Nf3 Ba4 12. O-O g6 13. Bb2 Nf5 14. Qe2 Nc6 15. Qf2 a6 16. Rac1 Bb5 17. Rfe1 Bxd3 18. cxd3 Qd7 19. Bxd4 Ncxd4 20. Nxd4 Nxd4 21. Qxd4 Rc8 22. b5 O-O 23. bxa6 bxa6 24. a4 a5 25. Rxc8 Rxc8 26. Rb1 Qc6 27. h3 Qc2 28. Rb2 Qd1+ 29. Kh2 h5 30. f5 gxf5 31. Qh4 Qc1 32. Rb7 Qh6 33. d4 Kg7 34. Rb3 Rg8 35. Rb5 Kh7 36. Rxa5 Qg6 37. Qf2 f4 38. Ra7 Qg3+ 39. Qxg3 fxg3+ 40. Kg1 Kg6 41. Kf1 Rb8 42. Ke2 Rb3 43. h4 Ra3 44. a5 Kf5 45. Rxf7+ Ke4 46. Rf3 Ra2+ 47. Kf1 Kxd4 48. Rxg3 Kxe5 49. Rg5+ Kf4 50. Rxh5 d4 51. Ke1 Rxg2 52. Rb5 e5 53. h5 e4 54. h6 d3 55. Rd5 Ke3 56. Kf1 Rh2 57. a6 Rh1+ 58. Kg2 Rxh6 59. Ra5 d2 60. Ra3+ Ke2 61. Ra2 Rxa6  0-1

[Event "Skakligaen"]
[Site "Danmark"]
[Date "2018.11.18"]
[Round "3.5"]
[White "Sylvan, Jacob"]
[Black "Palm, Nikolaj"]
[Result "1/2-1/2"]
[WhiteElo "2330"]
[BlackElo "2286"]
[EventDate "2018.10.27"]
[EventType "team-tourn"]
[EventRounds "9"]
[EventCountry "Danmark"]
[WhiteTeam "Nordkalotten"]
[BlackTeam "Bronshoj"]
[WhiteTeamCountry "DEN"]
[BlackTeamCountry "DEN"]
[WhiteFideId "1402137"]
[BlackFideId "1402145"]

1. e4 e5 2. Nf3 Nc6 3. Bb5 a6 4. Ba4 Nf6 5. O-O Be7 6. Re1 b5 7. Bb3 d6 8. c3 O-O 9. h3 Na5 10. Bc2 c5 11. d4 Qc7 12. Nbd2 g6 13. Nf1 Bb7 14. Ng3 Rfe8 15. Bg5 Nd7 16. Bxe7 Rxe7 17. d5 Nc4  1/2-1/2

[Event "Skakligaen"]
[Site "Danmark"]
[Date "2018.11.18"]
[Round "3.6"]
[White "Greger, Roland Reinhard"]
[Black "Hove, Esben Kjems"]
[Result "1/2-1/2"]
[WhiteElo "2263"]
[BlackElo "2315"]
[EventDate "2018.10.27"]
[EventType "team-tourn"]
[EventRounds "9"]
[EventCountry "Danmark"]
[WhiteTeam "Bronshoj"]
[BlackTeam "Nordkalotten"]
[WhiteTeamCountry "DEN"]
[BlackTeamCountry "DEN"]
[WhiteFideId "1401530"]
[BlackFideId "1401505"]

1. e4 c6 2. d4 d5 3. e5 Bf5 4. Nc3 e6 5. g4 Bg6 6. Nge2 c5 7. h4 h6 8. Be3 Nc6 9. dxc5 Nxe5 10. Nf4 Bh7 11. Bb5+ Nc6 12. Qe2 Be7 13. O-O-O Nf6 14. f3 Nd7 15. g5 Bf5 16. Nh5 g6 17. Ng7+ Kf8 18. Nxf5 gxf5 19. Nxd5 exd5 20. Rxd5 Qc7 21. Rhd1 Rd8 22. Rxf5 hxg5 23. hxg5 Nde5 24. Bf4 Rxd1+ 25. Qxd1 Qa5 26. Bxe5 Nxe5 27. Rxe5 Qxb5 28. Rxe7 Kxe7 29. Qd6+ Ke8 30. Qe5+ Kd7 31. Qxh8 Qf1+ 32. Kd2 Qf2+ 33. Kd3 Qxf3+ 34. Kc4 Qe2+ 35. Kb4 Qd2+ 36. Qc3 Qxg5 37. Qd3+ Kc8 38. c4 Qe5 39. Qc3 a5+ 40. Kb3 Qxc5  1/2-1/2

[Event "Skakligaen"]
[Site "Danmark"]
[Date "2018.11.18"]
[Round "3.7"]
[White "Schmidt, Kristen"]
[Black "Furrer, Christian"]
[Result "1/2-1/2"]
[WhiteElo "2225"]
[BlackElo "2233"]
[EventDate "2018.10.27"]
[EventType "team-tourn"]
[EventRounds "9"]
[EventCountry "Danmark"]
[WhiteTeam "Nordkalotten"]
[BlackTeam "Bronshoj"]
[WhiteTeamCountry "DEN"]
[BlackTeamCountry "DEN"]
[WhiteFideId "1400436"]
[BlackFideId "1428004"]

1. e4 e6 2. d4 d5 3. Nd2 c5 4. exd5 Qxd5 5. Ngf3 cxd4 6. Bc4 Qd6 7. O-O Nf6 8. Nb3 Nc6 9. Nbxd4 Nxd4 10. Nxd4 Be7 11. c3 O-O 12. Qf3 Qc7 13. Bb3 Bd7 14. Bg5 a5 15. Bc2 Rfd8 16. Rfe1 Qc5 17. Bf4 Bd6 18. Bxd6 Qxd6 19. Rad1 Qc7  1/2-1/2

[Event "Skakligaen"]
[Site "Danmark"]
[Date "2018.11.18"]
[Round "3.8"]
[White "Skousen, Nikolai"]
[Black "Jakobsen, Peter"]
[Result "1/2-1/2"]
[WhiteElo "2224"]
[BlackElo "2237"]
[EventDate "2018.10.27"]
[EventType "team-tourn"]
[EventRounds "9"]
[EventCountry "Danmark"]
[WhiteTeam "Bronshoj"]
[BlackTeam "Nordkalotten"]
[WhiteTeamCountry "DEN"]
[BlackTeamCountry "DEN"]
[WhiteFideId "1401432"]
[BlackFideId "1401440"]

1. Nf3 Nf6 2. g3 g6 3. Bg2 Bg7 4. O-O O-O 5. d4 d6 6. c4 Nc6 7. Nc3 a6 8. h3 e5 9. Be3 Bd7 10. dxe5 dxe5 11. Qb3 Qc8 12. Kh2 Na5 13. Qb4 Nc6 14. Qb3 Na5 15. Qb4 Nc6 16. Qb3  1/2-1/2

[Event "Skakligaen"]
[Site "Danmark"]
[Date "2018.11.18"]
[Round "3.1"]
[White "Thybo, Jesper Sondergaard"]
[Black "Glud, Jakob Vang"]
[Result "1/2-1/2"]
[WhiteElo "2525"]
[BlackElo "2551"]
[EventDate "2018.10.27"]
[EventType "team-tourn"]
[EventRounds "9"]
[EventCountry "Danmark"]
[WhiteTeam "Jetsmark"]
[BlackTeam "Aarhus/Skolerne"]
[WhiteTeamCountry "DEN"]
[BlackTeamCountry "DEN"]
[WhiteFideId "1438832"]
[BlackFideId "1407767"]

1. d4 d5 2. c4 c6 3. Nf3 Nf6 4. Nc3 a6 5. c5 Bg4 6. Qb3 Ra7 7. Ne5 Be6 8. Bf4 Nbd7 9. Nxd7 Nxd7 10. O-O-O b5 11. f3 Nf6 12. g4 g6 13. Be5 Bh6+ 14. Kb1 O-O 15. h4 Nd7 16. Bg3 Qa5 17. Qc2 Rb7 18. b3 Bg7 19. Be1 Qa3 20. Bh3 a5 21. f4 f5 22. g5 Nxc5 23. dxc5 d4 24. Ne4 Bd5 25. Nf2 a4 26. b4 Qe3 27. Rg1 Qxf4 28. Nd3 Qb8 29. Bg2 Bxg2 30. Rxg2 e5 31. a3 Rff7 32. Qa2 Rbe7 33. h5 Kf8 34. Bd2 Qc8 35. hxg6 hxg6 36. Rh1 f4 37. Bc1 Qf5 38. Qc2 Qe6 39. Qa2 Qc4 40. Nb2 Qc3 41. Nd1 Qc4 42. Nb2 Qc3 43. Nd1  1/2-1/2

[Event "Skakligaen"]
[Site "Danmark"]
[Date "2018.11.18"]
[Round "3.2"]
[White "Hagen, Andreas Skytte"]
[Black "Rasmussen, Allan Stig"]
[Result "0-1"]
[WhiteElo "2367"]
[BlackElo "2547"]
[EventDate "2018.10.27"]
[EventType "team-tourn"]
[EventRounds "9"]
[EventCountry "Danmark"]
[WhiteTeam "Aarhus/Skolerne"]
[BlackTeam "Jetsmark"]
[WhiteTeamCountry "DEN"]
[BlackTeamCountry "DEN"]
[WhiteFideId "1407341"]
[BlackFideId "1406000"]

1. e4 c6 2. d4 d5 3. e5 Bf5 4. Nf3 e6 5. Be2 Nd7 6. O-O h6 7. Nbd2 Ne7 8. Nb3 Qc7 9. Bd2 g5 10. Rc1 a5 11. a4 Bg7 12. Qe1 O-O 13. h4 g4 14. Nh2 h5 15. f3 gxf3 16. Nxf3 Bg6 17. Kh1 Nf5 18. Bd3 f6 19. Bxf5 Bxf5 20. exf6 Rxf6 21. Bg5 Rf7 22. Qd2 Be4 23. Qe3 e5 24. Bh6 Re8 25. Bxg7 Rxg7 26. Qh6 Rg6 27. Qd2 exd4 28. Nbxd4 Qg3 29. Qf2 Qg4 30. Rce1 Rf8 31. Kh2 c5 32. Nb3 Rxf3 33. gxf3 Qf4+ 34. Kh1 Bxf3+  0-1

[Event "Skakligaen"]
[Site "Danmark"]
[Date "2018.11.18"]
[Round "3.3"]
[White "Wiwe, Andreas"]
[Black "Skytte, Rasmus"]
[Result "1/2-1/2"]
[WhiteElo "2304"]
[BlackElo "2372"]
[EventDate "2018.10.27"]
[EventType "team-tourn"]
[EventRounds "9"]
[EventCountry "Danmark"]
[WhiteTeam "Jetsmark"]
[BlackTeam "Aarhus/Skolerne"]
[WhiteTeamCountry "DEN"]
[BlackTeamCountry "DEN"]
[WhiteFideId "1407937"]
[BlackFideId "1404210"]

1. e4 e6 2. d4 d5 3. Nc3 Nf6 4. e5 Ng8 5. f4 Nh6 6. Be3 b6 7. Nf3 c5 8. Qd2 Be7 9. Bf2 O-O 10. h3 Nf5 11. g4 Nxd4 12. Nxd4 cxd4 13. Nb5 Nc6 14. Bg2 Ba6 15. Nxd4 Nxd4 16. Qxd4 Bc5 17. Qa4 Bxf2+  1/2-1/2

[Event "Skakligaen"]
[Site "Danmark"]
[Date "2018.11.18"]
[Round "3.4"]
[White "Sorensen, Jan"]
[Black "Jensen, Bjarke"]
[Result "0-1"]
[WhiteElo "2393"]
[BlackElo "2328"]
[EventDate "2018.10.27"]
[EventType "team-tourn"]
[EventRounds "9"]
[EventCountry "Danmark"]
[WhiteTeam "Aarhus/Skolerne"]
[BlackTeam "Jetsmark"]
[WhiteTeamCountry "DEN"]
[BlackTeamCountry "DEN"]
[WhiteFideId "1400150"]
[BlackFideId "1403702"]

1. e4 e5 2. Bc4 Nf6 3. d3 Nc6 4. Nc3 Na5 5. Nge2 Be7 6. a4 Nxc4 7. dxc4 O-O 8. O-O d6 9. b3 c6 10. Ng3 Qc7 11. Bb2 Be6 12. Qe2 Rad8 13. Rfd1 Nd7 14. Nd5 cxd5 15. cxd5 Rc8 16. dxe6 fxe6 17. Ba3 Qxc2 18. Bxd6 Qxe2 19. Nxe2 Bxd6 20. Rxd6 Nc5 21. b4 Nxe4 22. Rxe6 Rc2 23. Ng3 Nxg3 24. fxg3 Rff2 25. Rxe5 Rxg2+ 26. Kh1 Rxh2+ 27. Kg1 Rcg2+ 28. Kf1 Rxg3 29. Re8+ Kf7 30. Rb8 Rh1+ 31. Kf2 Rxa1 32. Rxb7+ Kg6 33. Kxg3 Rxa4 34. Rb5 h6 35. Kf3 Ra3+ 36. Kf4 Ra1 37. Kg4 Rg1+ 38. Kh4 Rf1 39. Ra5 Rf7 40. Kg4 Rb7 41. b5 Kf6 42. Kh5 Ke6 43. Kg6 Kd6 44. Ra1 Kc5 45. Rc1+ Kxb5 46. Rb1+ Kc6 47. Rc1+ Kd5 48. Ra1 Rc7 49. Ra5+ Kc6 50. Ra1 Kb7 51. Rb1+ Kc8 52. Ra1 Kd8 53. Ra2 Ke8 54. Ra1 Kf8 55. Kh7 h5 56. Kg6 h4 57. Rf1+ Kg8 58. Kg5 h3 59. Kg4 h2 60. Kg3 Rc2  0-1

[Event "Skakligaen"]
[Site "Danmark"]
[Date "2018.11.18"]
[Round "3.5"]
[White "Thogersen, Rasmus"]
[Black "Vinter Schou, Uffe"]
[Result "1-0"]
[WhiteElo "2298"]
[BlackElo "2357"]
[EventDate "2018.10.27"]
[EventType "team-tourn"]
[EventRounds "9"]
[EventCountry "Danmark"]
[WhiteTeam "Jetsmark"]
[BlackTeam "Aarhus/Skolerne"]
[WhiteTeamCountry "DEN"]
[BlackTeamCountry "DEN"]
[WhiteFideId "1431412"]
[BlackFideId "1400568"]

1. e4 c5 2. Nf3 Nc6 3. d4 cxd4 4. Nxd4 Qb6 5. Nb5 a6 6. Be3 Qa5+ 7. N5c3 e6 8. Nd2 Bb4 9. Bd3 d5 10. O-O Nf6 11. exd5 exd5 12. Bg5 Be6 13. Nb3 Qd8 14. Ne2 O-O 15. Ned4 Be7 16. Re1 Bg4 17. Qc1 Bd6 18. Bf5 Bh5 19. c3 Bc7 20. Re3 h6 21. Bxh6 gxh6 22. Rh3 Kg7 23. g4 Rg8 24. Kh1 Qf8 25. g5 Ne4 26. Rxh5 Ne5 27. Bxe4 dxe4 28. Nf5+ Kg6 29. Rxh6+ Kxf5 30. Nd4+ Kg4 31. h3#  1-0

[Event "Skakligaen"]
[Site "Danmark"]
[Date "2018.11.18"]
[Round "3.6"]
[White "Christensen, Tobias"]
[Black "Rosenkilde, Alexander"]
[Result "1-0"]
[WhiteElo "2351"]
[BlackElo "2253"]
[EventDate "2018.10.27"]
[EventType "team-tourn"]
[EventRounds "9"]
[EventCountry "Danmark"]
[WhiteTeam "Aarhus/Skolerne"]
[BlackTeam "Jetsmark"]
[WhiteTeamCountry "DEN"]
[BlackTeamCountry "DEN"]
[WhiteFideId "1400673"]
[BlackFideId "1408488"]

1. e4 c5 2. Nf3 Nc6 3. Bb5 e6 4. Bxc6 bxc6 5. d3 Ne7 6. Qe2 Qc7 7. h4 e5 8. Nbd2 d6 9. Nc4 h6 10. Bd2 Be6 11. Ba5 Qb8 12. Bc3 Ng6 13. g3 Be7 14. O-O-O Bg4 15. Ne3 Be6 16. Nf5 Bf6 17. a3 Bxf5 18. exf5 Ne7 19. g4 Nd5 20. Be1 Nf4 21. Qe3 Qb7 22. c4 O-O-O 23. Bc3 Rhe8 24. g5 Be7 25. Rhg1 hxg5 26. hxg5 Bf8 27. Rg4 Qc7 28. Rgg1 Kb8 29. Kb1 Ka8 30. Nd2 d5 31. cxd5 cxd5 32. Qf3 f6 33. gxf6 gxf6 34. Nc4 e4 35. dxe4 dxc4 36. e5+ Kb8 37. Qxf4 Rxd1+ 38. Rxd1 fxe5 39. Qxc4 Qb7 40. Qa4 Re7 41. Rd8+ Kc7 42. Ba5+  1-0

[Event "Skakligaen"]
[Site "Danmark"]
[Date "2018.11.18"]
[Round "3.7"]
[White "Grubert, Christian"]
[Black "Ochsner, Thomas"]
[Result "0-1"]
[WhiteElo "2161"]
[BlackElo "2261"]
[EventDate "2018.10.27"]
[EventType "team-tourn"]
[EventRounds "9"]
[EventCountry "Danmark"]
[WhiteTeam "Jetsmark"]
[BlackTeam "Aarhus/Skolerne"]
[WhiteTeamCountry "DEN"]
[BlackTeamCountry "DEN"]
[WhiteFideId "1406744"]
[BlackFideId "1400711"]

1. Nf3 Nf6 2. g3 b5 3. Bg2 Bb7 4. O-O e6 5. d3 d5 6. Nbd2 Be7 7. e4 c5 8. Qe2 Nc6 9. e5 Nd7 10. a4 b4 11. c4 bxc3 12. bxc3 Qc7 13. Re1 O-O 14. Ba3 Rab8 15. h4 Rfe8 16. d4 cxd4 17. Bxe7 d3 18. Qxd3 Nxe7 19. Ng5 Ng6 20. f4 h6 21. Ngf3 Rec8 22. Rac1 Nc5 23. Qd4 Ne7 24. g4 Qa5 25. Ra1 Ba6 26. Rec1 Rc7 27. Bf1 Bxf1 28. Kxf1 Nb3 29. Nxb3 Rxb3 30. Kf2 Rbxc3 31. Rxc3 Rxc3 32. Kg3 Nc6 33. Qd1 Qc5 34. Ra2 Qe3  0-1

[Event "Skakligaen"]
[Site "Danmark"]
[Date "2018.11.18"]
[Round "3.8"]
[White "Sobjerg, Erik"]
[Black "Wilbrandt, Simon Pil"]
[Result "1-0"]
[WhiteElo "2266"]
[BlackElo "2097"]
[EventDate "2018.10.27"]
[EventType "team-tourn"]
[EventRounds "9"]
[EventCountry "Danmark"]
[WhiteTeam "Aarhus/Skolerne"]
[BlackTeam "Jetsmark"]
[WhiteTeamCountry "DEN"]
[BlackTeamCountry "DEN"]
[WhiteFideId "1401866"]
[BlackFideId "1436988"]

1. Nf3 Nf6 2. c4 g6 3. Nc3 d5 4. cxd5 Nxd5 5. h4 h5 6. e4 Nxc3 7. bxc3 Bg7 8. Bc4 b6 9. Ng5 e6 10. Qf3 Qf6 11. Qg3 Qe7 12. O-O O-O 13. d4 Nc6 14. e5 Bb7 15. Re1 Nb8 16. Nxe6 fxe6 17. Qxg6 Qe8 18. Bxe6+ Kh8 19. Qxe8 Rxe8 20. Bf7 Rf8 21. e6 Nc6 22. Bg5 Nxd4 23. cxd4 Bxd4 24. Rad1 c5 25. Be3 Bc3 26. Re2 Bf6 27. Bg5 Bd4 28. Bxh5 Ba6 29. Red2 Bb5 30. e7 Rg8 31. Rxd4 cxd4 32. Bf6+ Kh7 33. Rxd4 Bc6 34. f3 Be8 35. Bg4 Bf7 36. h5 Bxa2 37. Bf5+ Kh6 38. g4 Bf7 39. Kh2 Rae8 40. f4 Rxg4 41. Bxg4 Rg8 42. Rd8 Rxg4 43. Rh8#  1-0

[Event "Skakligaen"]
[Site "Danmark"]
[Date "2018.11.18"]
[Round "3.1"]
[White "Hansen, Sune Berg"]
[Black "Rodgaard, John"]
[Result "1-0"]
[WhiteElo "2587"]
[BlackElo "2281"]
[EventDate "2018.10.27"]
[EventType "team-tourn"]
[EventRounds "9"]
[EventCountry "Danmark"]
[WhiteTeam "Hillerod"]
[BlackTeam "Evans"]
[WhiteTeamCountry "DEN"]
[BlackTeamCountry "DEN"]
[WhiteFideId "1400266"]
[BlackFideId "7200013"]

1. d4 d5 2. c4 c6 3. Nf3 Nf6 4. Nbd2 Bf5 5. Nh4 Be6 6. e3 g6 7. b3 Bg7 8. Bb2 O-O 9. Be2 Ne4 10. O-O Nd7 11. Nhf3 Nxd2 12. Qxd2 Bg4 13. Qb4 Rb8 14. cxd5 cxd5 15. Rac1 Nf6 16. Ba3 Re8 17. Bb5 Bd7 18. Ne5 a6 19. Bd3 Bf8 20. Qd2 Ng4 21. Nf3 Qb6 22. Bc5 Qe6 23. h3 Nh6 24. Rfe1 Nf5 25. e4 dxe4 26. Bc4 Qf6 27. Ne5 Be6 28. Ng4 Qh8 29. Bxe6 fxe6 30. Rxe4 Red8 31. Bb6 Rd7 32. Bc7 Nxd4 33. Bxb8 Nf3+ 34. gxf3 Rxd2 35. Be5  1-0

[Event "Skakligaen"]
[Site "Danmark"]
[Date "2018.11.18"]
[Round "3.2"]
[White "Kristensen, Leif Sogaard"]
[Black "Schandorff, Lars"]
[Result "1/2-1/2"]
[WhiteElo "2309"]
[BlackElo "2496"]
[EventDate "2018.10.27"]
[EventType "team-tourn"]
[EventRounds "9"]
[EventCountry "Danmark"]
[WhiteTeam "Evans"]
[BlackTeam "Hillerod"]
[WhiteTeamCountry "DEN"]
[BlackTeamCountry "DEN"]
[WhiteFideId "1406809"]
[BlackFideId "1400070"]

1. e4 Nc6 2. Nc3 Nf6 3. d4 d6 4. h3 g6 5. Nf3 Bg7 6. Be3 a6 7. a4 O-O 8. Be2 e5 9. dxe5 dxe5 10. Bc5 Re8 11. Bc4 Be6 12. Bxe6 Rxe6 13. O-O Re8 14. Re1 Bf8 15. Bxf8 Kxf8 16. Nd5  1/2-1/2

[Event "Skakligaen"]
[Site "Danmark"]
[Date "2018.11.18"]
[Round "3.3"]
[White "Borge, Nikolaj"]
[Black "Borovnica, Tihomir"]
[Result "0-1"]
[WhiteElo "2372"]
[BlackElo "2226"]
[EventDate "2018.10.27"]
[EventType "team-tourn"]
[EventRounds "9"]
[EventCountry "Danmark"]
[WhiteTeam "Hillerod"]
[BlackTeam "Evans"]
[WhiteTeamCountry "DEN"]
[BlackTeamCountry "DEN"]
[WhiteFideId "1400312"]
[BlackFideId "1434888"]

1. e4 e6 2. d4 d5 3. exd5 exd5 4. Nf3 Nf6 5. Bd3 c5 6. O-O Nc6 7. Re1+ Be7 8. dxc5 O-O 9. Be3 Bg4 10. c3 Re8 11. Nbd2 Qc7 12. Qa4 Rad8 13. b4 a6 14. Qc2 g6 15. a4 Ra8 16. h3 Bxf3 17. Nxf3 Bf8 18. Bf1 Bg7 19. Rad1 Ne4 20. Nd4 Ne5 21. Ne2 Nc4 22. Bf4 Qc6 23. f3 Nf6 24. Nd4 Qc8 25. Nb3 Nh5 26. Bc1 Rxe1 27. Rxe1 Qc7 28. Nd4 Be5 29. g4 Bxd4+ 30. Kh1 Ng3+ 31. Kg2 Nxf1 32. Kxf1 Bg7 33. Qd3 Qg3 34. Qxd5 Qxh3+ 35. Kg1 Qg3+ 36. Kf1 Qh3+ 37. Kg1 Qg3+ 38. Kf1 Bxc3 39. Re7 Ne5 40. Bd2 Bxd2 41. Rxe5 Bxb4 42. Re7 Rf8 43. Rxb7 Bxc5  0-1

[Event "Skakligaen"]
[Site "Danmark"]
[Date "2018.11.18"]
[Round "3.4"]
[White "Kristensen, Bjarke Hautop"]
[Black "Jaksland, Tim"]
[Result "1/2-1/2"]
[WhiteElo "2223"]
[BlackElo "2228"]
[EventDate "2018.10.27"]
[EventType "team-tourn"]
[EventRounds "9"]
[EventCountry "Danmark"]
[WhiteTeam "Evans"]
[BlackTeam "Hillerod"]
[WhiteTeamCountry "DEN"]
[BlackTeamCountry "DEN"]
[WhiteFideId "1437747"]
[BlackFideId "1401084"]

1. c4 c5 2. g3 g6 3. Bg2 Bg7 4. Nc3 Nc6 5. Nf3 d6 6. O-O e5 7. Ne1 Nge7 8. Nc2 O-O 9. Ne3 Be6 10. Ned5 Rb8 11. a3 a6 12. b4 b5 13. cxb5 axb5 14. Rb1 Nxd5 15. Nxd5 Ne7 16. Nxe7+ Qxe7 17. d3 Rfc8 18. Be3 Qa7 19. Qc1 Qa4 20. Qb2 c4 21. Rfc1 cxd3 22. exd3 Qa6 23. Rxc8+ Rxc8 24. Rc1 Bf5 25. Rc3 Rxc3 26. Qxc3 Qa4 27. Bf1 Qd1 28. Qc1 Qxc1 29. Bxc1 Bd7 30. Bg2  1/2-1/2

[Event "Skakligaen"]
[Site "Danmark"]
[Date "2018.11.18"]
[Round "3.5"]
[White "Ostergaard, Jens"]
[Black "Skaanning Pedersen, Kim Henrik"]
[Result "1-0"]
[WhiteElo "2206"]
[BlackElo "2200"]
[EventDate "2018.10.27"]
[EventType "team-tourn"]
[EventRounds "9"]
[EventCountry "Danmark"]
[WhiteTeam "Hillerod"]
[BlackTeam "Evans"]
[WhiteTeamCountry "DEN"]
[BlackTeamCountry "DEN"]
[WhiteFideId "1400606"]
[BlackFideId "1403699"]

1. d4 g6 2. c4 Bg7 3. e4 Nc6 4. Nf3 e5 5. Be3 d6 6. Nc3 Bg4 7. d5 Nd4 8. Be2 Bxf3 9. Bxf3 c5 10. dxc6 bxc6 11. O-O Ne7 12. c5 Nxf3+ 13. Qxf3 d5 14. exd5 cxd5 15. Bg5 d4 16. Bxe7 Kxe7 17. Qb7+ Kf8 18. Ne4 Qc8 19. Qd5 Rb8 20. Qd6+ Kg8 21. c6 h6 22. Rac1 Rb6 23. Qd5 Kh7 24. c7 Qa6 25. Qd7 Qc8 26. Qxf7 Rf8 27. Qe7 Re6 28. Qc5 Rfe8 29. Qxa7 Bf8 30. Qa4 R8e7 31. Qc4 Rb6 32. Rc2 h5 33. Rfc1 Bh6 34. Qc5 Ree6 35. Rd1 Ra6 36. Qd5 Bf8  1-0